Sports Quiz

Random Sports or NFL Quiz

1-15 NFL Teams Quiz Stats

 Plays Quiz Updated Jan 1, 2017

Also try: NFL 10-0 Starts
Challenge
Share
Tweet
Embed
Score 0/10 Timer 01:00
6 Plays Today
Year Team % Correct
2016Cleveland Browns
89.4%
1996New York Jets
67.7%
2007Miami Dolphins
59.4%
1991Indianapolis Colts
55.3%
2009St. Louis Rams
49.5%
1990New England Patriots
49.4%
1989Dallas Cowboys
47%
1980New Orleans Saints
40.8%
2001Carolina Panthers
40%
2000San Diego Chargers
37.2%

You're not logged in!

Compare scores with friends on all Sporcle quizzes.
Join for Free
OR
Log In

You Might Also Like...

Show Comments

Extras

Top Quizzes Today


Score Distribution

Your Account Isn't Verified!

In order to create a playlist on Sporcle, you need to verify the email address you used during registration. Go to your Sporcle Settings to finish the process.

Report this User

Report this user for behavior that violates our Community Guidelines.

Details: